000 00390nam a2200157 i 4500
001 65421
003 ES-MaACL
005 20230906165351.0
007 t|
008 040113s1970 sp |||| | spa d
100 1 _aFresno, Leónides.
_952536
245 1 0 _aDowntown /
_cLeónides Fresno.
260 _aLeón :
_b[s.n.],
_c1970.
300 _a103 p. ;
_c17 cm.
852 _aES-MaACL
_jC-40500
999 _c65421
_d65421